Central Library OPAC University of Rajshahi

The law and procedure of income-tax in Pakistan with suppement : (Record no. 47163)

MARC details
000 -LEADER
fixed length control field 01106nam a2200253 a 4500
001 - CONTROL NUMBER
control field 47163
003 - CONTROL NUMBER IDENTIFIER
rucl marc code BD-RjUL
005 - DATE AND TIME OF LATEST TRANSACTION
control field 20211209054252.0
008 - FIXED-LENGTH DATA ELEMENTS--GENERAL INFORMATION
fixed length control field 160807s1959 ii 001 0 eng
035 ## - SYSTEM CONTROL NUMBER
System control number (BD-RjUL)47282
040 ## - CATALOGING SOURCE
Original cataloging agency DLC
Transcribing agency CarP
Modifying agency DLC
Language of cataloging eng
041 ## - LANGUAGE CODE
Language code of text/sound track or separate title eng
082 ## - DEWEY DECIMAL CLASSIFICATION NUMBER
Classification number 336.24095491
Author mark and year NAL 1959
100 ## - MAIN ENTRY--PERSONAL NAME
Personal name Naqvi, S Mohd Raza
9 (RLIN) 134355
110 1# - MAIN ENTRY--CORPORATE NAME
Corporate name or jurisdiction name as entry element Pakistan.
Form subheading Laws, statutes, etc. [from old catalog]
9 (RLIN) 143629
245 14 - TITLE STATEMENT
Title The law and procedure of income-tax in Pakistan with suppement :
Remainder of title containing exhaustive notes on sections together with illustrations, act and rules as amended upto 30th Nov. 1958, case law as reported upto 30th Nov. 1958 together with unreported cases, extracts from relevant laws referred to in the income-tax proceedings and other pieces of useful information /
Statement of responsibility, etc. S Mohd Raza Naqvi
250 ## - EDITION STATEMENT
Edition statement 2d re-written and enl. ed.
260 ## - PUBLICATION, DISTRIBUTION, ETC. (IMPRINT)
Place of publication, distribution, etc. Lahore :
Name of publisher, distributor, etc. Taxation,
Date of publication, distribution, etc. 1959
300 ## - PHYSICAL DESCRIPTION
Pagination 1100 p. ;
Size 25 cm.
500 ## - GENERAL NOTE
General note Includes index
650 #0 - SUBJECT ADDED ENTRY--TOPICAL TERM
Topical term or geographic name as entry element Income tax
General subdivision Law and legislation
Geographic subdivision Pakistan.
9 (RLIN) 135041
942 ## - ADDED ENTRY ELEMENTS (KOHA)
Source of classification or shelving scheme Dewey Decimal Classification
Koha item type Books
Holdings
Lost status Source of classification or shelving scheme Damaged status Not for loan Collection code Permanent Location Current Location Shelving location Date acquired Source of acquisition Cost, normal purchase price Total Checkouts Full call number Date last seen Copy number Koha item type
  Dewey Decimal Classification     Non-fiction Central Library, University of Rajshahi Central Library, University of Rajshahi   25/08/1972 Pak. law house 37.50   336.24095491 NAL 1959 07/08/2016 C-2 Books